000 00829nam a22002777a 4500
001 BR2014005567
003 BR-BrBNA
005 20230928104459.0
007 ta
008 230509b bl.||||| |||| 00| 0 por d
040 _aBR-BrBNA
_bpor
_cBiblioteca Nacional de Agricultura
041 _a(Por)
072 _aE14
090 _ E14 BR2014005567
100 1 _aSilva, R.C. (ed.)
110 1 _aEmpresa Brasileira de Pesquisa Agropecuária, Brasília, DF (Brasil). Secretaria de Comunicação
_93923
245 1 _aO saber que sustenta a agricultura tropical
260 3 _aBrasília, DF (Brasil):
_c2011.
300 _a48 p.
500 _a32 illus
650 _aAGRICULTURA
650 _aDESENVOLVIMENTO AGRÍCOLA
650 _aDESENVOLVIMENTO SÓCIO-ECONÔMICO
909 _a202309
_bLucia
_c55
_dLucia Elande
942 _cBK
999 _c80158
_d80158